MDQL
is popping MORE tags! Check the
thread
!
Quizzes
Events
Quiz Creation
Community
Videos
Private Events
Remove Ads
Sign In
Join for FREE
Feedback
Dark Mode
Quiz Categories
Sports
Geography
Music
Movies
Television
Just For Fun
Miscellaneous
History
Literature
Language
Science
Gaming
Entertainment
Religion
Holiday
For Kids
Quiz Lab
Recent
Popular Today
Quiz Kudos Today
Editor Picks
Curator Picks
Quizzes by...
Day
Popularity
Type
Ratings
Length
Year
Community
Subscriptions
Recent Discussions
Orange Saloon
Badges
Playlists
Quests
Create
Leaderboards
Showdown
Live 5
Trivia Bingo
Activity
Puzzle Library
Sporcle Events
Private Events
Virtual Trivia
Globe League
Become a Host
Pub Owners
SporcleCon
Opinionation
Our Games
Videos
Blog
Mobile Apps
Partnerships
Remove Ads and Go Orange
Feedback
Sports
Athletes
MLB
NBA
NHL
NFL
Soccer
Sports Teams
WWE
NCAA
Football
Premier League
Basketball
Baseball
Hockey
Golf
Tennis
Cricket
Rugby
Auto Racing
Olympics
World Cup
Sports
Athletes
MLB
NBA
NHL
NFL
Soccer
Sports Teams
WWE
NCAA
Football
Premier League
Basketball
Baseball
Hockey
Golf
Tennis
Cricket
Rugby
Auto Racing
Olympics
World Cup
Random Quiz
Search Sporcle
×
Quiz Lab
Quiz Lab
Sports
TD Leaders
Type in answers that appear in a list
Type in answers that appear in a list
Classic
Best Score? Go Orange.
NFL Single Season Receptions Leaders Stats
Can you name the NFL Single Season Receptions Leaders?
By
doublezz
7m
25 Questions
61 Plays
61 Plays
61 Plays
Comments
Comments
Give Quiz Kudos
Give Quiz Kudos
-
- Ratings
hide this ad
More Info
Replay
Link that replays current quiz
Next Quiz
Link to next quiz in quiz playlist
You Got
0%
They Got
Avg Score
70%
Avg Friend Score
Upgrade to see
Score Distribution
Jump to the score distribution portion of the page
Score
0/25
Timer
07:00
0
Plays Today
Receptions
% Correct
112
Jerry Rice
98.2%
111
Randy Moss
94.5%
112
Wes Welker
89.1%
111
Wes Welker
89.1%
122
Jerry Rice
88.5%
123
Wes Welker
85.2%
115
Andre Johnson
85.2%
143
Marvin Harrison
80.3%
122
Wes Welker
80.3%
115
Marvin Harrison
80.3%
113
Rod Smith
80.3%
116
Jimmy Smith
77%
112
Jimmy Smith
75.4%
Receptions
% Correct
111
Michael Irvin
74.5%
111
Reggie Wayne
72.7%
122
Cris Carter
70.5%
122
Cris Carter
70.5%
112
Sterling Sharpe
69.1%
119
Isaac Bruce
68.9%
117
Torry Holt
68.9%
123
Herman Moore
60.7%
112
Hines Ward
60%
115
Roddy White
50.8%
111
Terance Mathis
34.5%
112
T.J. Houshmandzadeh
27.3%
Quiz Playlist
Details
Report
Send in Message
Add To Playlist
More Info:
Good Luck!
Classic:
Type in answers that appear in a list
Quiz Source
Last Updated: Feb 16, 2017
Quiz Scoreboard
CHALLENGE
Sign Up to Join the Scoreboard
Show All
Scores
Hide
Comments
May contain spoilers
Recently Published
1-10 Letter E Words III
by El_Dandy
Language
2m
Street Fighter Characters
by Artimus82
Gaming
60s
College Basketball Coaching Resumes
by pancakes188
Sports
9m
More to Explore
Quiz From the Vault
Featured Blog Post
Where Did the Easter Bunny Come From?
hide this ad
You Might Also Like...
Tags
TD Leaders
Today's Top Quizzes in Sports
Browse Sports
hide this ad
Today's Top Quizzes in TD Leaders
Browse TD Leaders
Top Contributed Quizzes in Sports
1
2022 World Cup Stars
2
Les meilleurs buteurs des matchs entre le PSG et l’OM
3
FIFA Club World Cup Champions
4
Les entraîneurs de l'OM et du PSG au 21e siècle
5
Criteria MLB: Left Handed Sluggers
6
2023 MLB Unique Player Accomplishments
7
AFC Teams Reveal (Wrong Answers Minefield)
8
Players with Multiple 50 Home Run Seasons
9
5-to-1: FBS Animal Nicknames
10
5-to-1: UK Sports Teams
Explore More
Trending Topics
Crossword
Harry Potter
NBA
Disney
Marvel
Anime
Kpop
Country
WWE
Song
Soccer
Pokémon
NFL
Puzzle
The Office
hide this ad
More By:
doublezz
Quiz
Plays
Rating
Category
Featured
Created
9 Easy one word Riddles!
532
2.33
Just For Fun
Dec 3, 2012
Dumb and Dumber Movie Quotes
167
4.00
Movies
Dec 3, 2012
NFL Single-Season Passing Yards Leaders
124
3.00
Sports
Dec 3, 2012
Top Selling Car brands of all Time
114
Miscellaneous
Dec 3, 2012
Best Selling Game Consoles
87
Gaming
Dec 3, 2012
Go to Creator's Profile
Score Distribution
Quiz Creator Spotlight
doublezz
Follow
Send a Message
Quizzes Created
-
Created Quiz Play Count
-
More By This Creator
Popular Quizzes Today
1
Find the US States - No Outlines Minefield
2
Find the Countries of Europe - No Outlines Minefield
3
Find the US States
4
The Countries of the World
5
Risky Map Clicking: Biggest States A-Z
6
US States
7
Popular People in 1961
8
Movies - When Are They Set?
More Sports Quizzes
LogiCrossword: NFL MVPs - 2010s
Curator's Pick
Trending Quizzes
Risky Map Clicking: Least Populous States A-Z
1-10 Letter G Words
Countries of the World: 200 Million BC
1-10 Letter F Words
Risky Map Clicking: Next State Alphabetically
Recently Updated
Largest US Cities 1790-2010
pecheneg
Rides in Walt Disney World
pecheneg
Most Oscar Losses (Acting)
pecheneg
Beyoncé Albums
pecheneg
Leaping Animals
pecheneg
Reality TV Shows (A-Z)
bhenderson79
Rickey Henderson's Hall of Fame Teammates
pecheneg
Champions League XIs: Arsenal
pecheneg
Quick Pick: Celebrities in WWE's Hall of Fame
aduchscher
A-Z Keypad Blitz II
pecheneg
Trending Topics
NBA
Harry Potter
Anime
Disney
Kpop
Crossword
Marvel
The Office
WWE
Pokémon
Country
Soccer
NFL
Song
Puzzle
Your Account Isn't Verified!
In order to create a playlist on Sporcle, you need to verify the email address you used during registration. Go to your
Sporcle Settings
to finish the process.
Report this User
Report this user for behavior that violates our
Community Guidelines
.
Details:
Send Report
Go to the Sporcle.com Mobile Site →
Comments